Locally observability of invariant dynamics on compact Lie groups with square integrable output map functions
Furkejuvvon:
| Váldodahkkit: | , |
|---|---|
| Materiálatiipa: | Girji |
| Giella: | eaŋgalasgiella |
| Almmustuhtton: |
Antofagasta
Universidad Católica del Norte
1997
|
| Fáttát: | |
| Fáddágilkorat: |
Lasit fáddágilkoriid
Eai fáddágilkorat, Lasit vuosttaš fáddágilkora!
|
MARC
| LEADER | 00000nam a2200000 a 4500 | ||
|---|---|---|---|
| 001 | UCP5638 | ||
| 003 | CL-VaPUC | ||
| 008 | 990927e19970000CL |||||||||||||||||eng|d | ||
| 082 | 0 | 4 | |a 512 |b AYA |2 21 |
| 100 | 0 | |a Ayala, Víctor |e author |9 434127 | |
| 700 | 0 | |a Hacibekiroglu, A |e author |9 434128 | |
| 245 | 1 | 0 | |a Locally observability of invariant dynamics on compact Lie groups with square integrable output map functions |
| 300 | |a 12 p | ||
| 942 | |c BK | ||
| 945 | |d 19990927 00:00:00 |a rbrito | ||
| 260 | |a Antofagasta |b Universidad Católica del Norte |c 1997 | ||
| 650 | 0 | |a Álgebra |9 259567 | |
| 650 | 0 | |a Álgebra de Lie |9 271226 | |
| 650 | 0 | |a Espacio de Hilbert |9 260141 | |
| 650 | 0 | |a Espacios vectoriales |9 21 | |
| 583 | |a last modification |c 19990927 00:00:00 |k Rodrigo Vera | ||
| 999 | |c 283335 |d 283333 | ||
| 952 | |0 0 |1 0 |4 0 |6 512_000000000000000_AYA_1997 |7 0 |8 A |9 326383 |a BIBMAT |b BIBMAT |d 2019-11-20 |i 3551598 |o 512 AYA 1997 |p 3551598 |r 2025-01-07 |w 2019-11-20 |y BK |k MAT | ||